01093nam a2200241 a 450000100100000000500170001000800410002704000250006810000360009324000730012924501710020226000650037330000210043849000170045959000750047670000200055170000200057170000320059183000240062304900090064795201780065699900170083400003470020200930073840.0111019s1959 ag 000 0 spa d aDO-SdBNPbspacBNPHU1 aPiaget, Jean,d1896-198094035010aEpistémologie génétique et recher-che psychologiquelfrancés10aPsicología, lógica y comunicación :bepitstemología genética e investigación psicológica /cJean Piaget, W. Mays, W. Beth ; traducción Noelia Bastard. aBuenos Aires, Argentina :bEditorial Nueva Versión,c1959. a136 p. ;c21 cm.1 aInterciencia aPerteneció a la biblioteca personal de Juan Isidro Jimenes Grullón1 aMays, W.9601501 aBeth, W.9601511 aBastard, Noeliaetr.956496 0aInterciencia960152 aBNPD 001050718MOaGRbGRcCTd2011-10-19iLF1l0o p34700-10r2020-06-25w2020-06-25y1zPerteneció a la biblioteca personal de Juan Isidro Jimenes Grullón.ZNo se presta c34191d34191